|
|
|
|
| LEADER |
00000ny a22000003n 4500 |
| 005 |
20110615141510.0 |
| 008 |
990524s1999 sp s 000 0 spa c |
| 017 |
|
|
|a D.L. M40346-1996
|
| 020 |
|
|
|a 8471309327
|
| 035 |
|
|
|a 1642
|
| 040 |
|
|
|a UMA.RE
|d vLex
|
| 040 |
|
|
|a UMA.RLB
|d vLex
|
| 080 |
|
|
|a 342.4(460)
|
| 090 |
|
|
|c 723
|d 723
|
| 245 |
0 |
0 |
|a Comentarios a la Constitucin̤ Espaǫla de 1978
|h [Recurso electrn̤ico]
|c dirigidos por Oscar Alzaga Villaamil / Manuel Aragn̤ Reyes ...[et al.]
|p Tomo XII - Articulos 159 al final
|
| 256 |
|
|
|a Servicio en ln̕ea
|
| 260 |
|
|
|a [Madrid] :
|b Cortes Generales :
|b EDERSA,
|c D.L.1996 (cop.1999)
|
| 300 |
|
|
|a 820 p. ;
|
| 506 |
1 |
|
|a Contenido solo disponible en los productos indicados
|d vLex Global
|d vLex Global (Academic Edition, excluding Law Schools)
|d vLex Global (U.S. Academic Edition, Law Schools)
|d vLex Global (U.S. Academic Edition, excluding Law Schools)
|d vLex Global (Academic Edition, Law Schools)
|
| 650 |
0 |
7 |
|2 Tesauro vLex
|a Constitucional
|
| 650 |
0 |
7 |
|2 Tesauro vLex
|a Tribunal constitucional
|
| 650 |
0 |
7 |
|2 Tesauro vLex
|a Reforma constitucional
|
| 700 |
1 |
|
|a Alzaga Villaamil, Oscar,
|e dir
|
| 700 |
1 |
|
|a Aragn̤ Reyes, Manuel
|
| 710 |
1 |
|
|a Espaą.
|b Cortes Generales,
|e ed
|
| 740 |
0 |
|
|a vLex Libros (Servicios en ln̕ea)
|
| 856 |
4 |
0 |
|z Acceso restringido
|u http://vlex.com/source/1642
|
| 942 |
|
|
|c BOOK
|
| 999 |
0 |
|
|a Courts
|b Madrid
|